| 000 | 01799cam a2200337 a 4500 | ||
|---|---|---|---|
| 003 | EG-GiCUC | ||
| 005 | 20250223030827.0 | ||
| 008 | 130423s2013 ua d f m 000 0 eng d | ||
| 040 |
_aEG-GiCUC _beng _cEG-GiCUC |
||
| 041 | 0 | _aeng | |
| 049 | _aDeposite | ||
| 097 | _aM.Sc | ||
| 099 | _aCai01.13.03.M.Sc.2013.Ah.S | ||
| 100 | 0 | _aAhmed Zakaria Ahmed Elseddawy | |
| 245 | 1 | 0 |
_aSelection of appropriate maintenance strategy for Medical Equipment / _cAhmed Zakaria Ahmed Elseddawy ; Supervised Ahmed Hesham Kandil , Bassem Kamal Ouda |
| 246 | 1 | 5 | _aاختيار استراتيجية الصيانة المناسبة للأجهزة الطبية |
| 260 |
_aCairo : _bAhmed Zakaria Ahmed Elseddawy , _c2013 |
||
| 300 |
_a70P. : _bcharts ; _c30cm |
||
| 502 | _aThesis (M.Sc.) - Cairo University - Faculty of Engineering - Department of Systems and Biomedical Engineering | ||
| 520 | _aClinical engineering departments in hospitals are responsible for establishing and regulating Medical Equipment Management Program to ensure that medical devices are safe and reliable . In order to mitigate functional failures , significant and critical equipment should be identified and prioritized . In this study , we present a multi - criteria decision - making model prioritize medical devices according to their criticality using Analytical Hierarchical Process (AHP) approach by reviewing expert's notions and relevant specialized literature | ||
| 530 | _aIssued also as CD | ||
| 653 | 4 | _aMaintenance strategy | |
| 653 | 4 | _aMedical Equipment | |
| 653 | 4 | _aRadiology | |
| 700 | 0 |
_aAhmed Hesham Kandil , _eSupervisor |
|
| 700 | 0 |
_aBassem Kamal Ouda , _eSupervisor |
|
| 856 | _uhttp://172.23.153.220/th.pdf | ||
| 905 |
_aFatma _eCataloger |
||
| 905 |
_aNazla _eRevisor |
||
| 942 |
_2ddc _cTH |
||
| 999 |
_c42750 _d42750 |
||